El padrino / (Record no. 105390)

MARC details
000 -CABECERA
campo de control de longitud fija 00723nam a2200241 a 4500
005 - FECHA Y HORA DE LA ÚLTIMA TRANSACCIÓN
campo de control 20240320063701.0
008 - ELEMENTOS DE LONGITUD FIJA--INFORMACIÓN GENERAL
campo de control de longitud fija 040430s2003 mx r 000 0 spa d
020 ## - NÚMERO INTERNACIONAL NORMALIZADO PARA LIBROS
Número Internacional Estándar del Libro 8466304479
035 ## - NÚMERO DE CONTROL DEL SISTEMA
Número de control de sistema UPN01000133238
049 ## - COLECCIÓN
Colección CG
050 #4 - SIGNATURA TOPOGRÁFICA DE LA BIBLIOTECA DEL CONGRESO
Número de clasificación PS3566 U9
Número de documento/Ítem P8.9
100 1# - ASIENTO PRINCIPAL--NOMBRE PERSONAL
Nombre de persona Puzo, Mario,
Fechas asociadas al nombre 1920-1999
9 (RLIN) 38692
245 13 - MENCIÓN DE TÍTULO
Título El padrino /
Mención de responsabilidad, etc. Mario Puzo ; tr. Ángel Arnau.
260 ## - PUBLICACIÓN, DISTRIBUCIÓN, ETC.
Lugar de publicación, distribución, etc. Madrid :
Nombre del editor, distribuidor, etc. Suma de Letras,
Fecha de publicación, distribución, etc. 2003.
300 ## - DESCRIPCIÓN FÍSICA
Extensión 659 p.
440 #0 - MENCIÓN DE SERIE/ASIENTO SECUNDARIO--TÍTULO
Título Punto de lectura ;
Designación de volumen o secuencia 161.1
500 ## - NOTA GENERAL
Nota general "El gran clásico sobre la mafia"
534 ## - NOTA SOBRE LA VERSIÓN ORIGINAL
Frase introductoria Traducción de:
Mención de título del original The godfather
650 #4 - ASIENTO SECUNDARIO DE MATERIA - TERMINO TEMATICO
Término de materia o nombre geográfico como elemento de entrada Novela estadounidense
9 (RLIN) 4462
650 #4 - ASIENTO SECUNDARIO DE MATERIA - TERMINO TEMATICO
Término de materia o nombre geográfico como elemento de entrada MAFIA -
Subdivisión de forma NOVELA
9 (RLIN) 15965
650 #4 - ASIENTO SECUNDARIO DE MATERIA - TERMINO TEMATICO
Término de materia o nombre geográfico como elemento de entrada CRIMEN ORGANIZADO -
Subdivisión de forma NOVELA
9 (RLIN) 11420
905 ## - TIPO DE MATERIAL
Tipo de material Libro
Holdings
Estado de retiro Estado de pérdida Fuente del sistema de clasificación o colocación Estado dañado No para préstamo Código de colección Localización permanente Ubicación/localización actual Ubicación en estantería Fecha de adquisición Total de préstamos Clasificación Código de barras Fecha visto por última vez Fecha del último préstamo Número de copia Tipo de ítem Koha
    Library of Congress Classification     Colección General Bib. Gregorio Torres Quintero Bib. Gregorio Torres Quintero Planta baja 28/06/2024 31 PS3566 U9 P8.9 224325 26/09/2024 18/09/2024 1 Libro